[Event "Champions League CAA"]
[Site "Buenos Aires ARG"]
[Date "2009.05.09"]
[Round "2"]
[White "Anelli,A"]
[Black "Diaz Hollemaert,N"]
[Result "0-1"]
[WhiteElo "2193"]
[BlackElo "2443"]
[EventDate "2009.05.02"]

1. d4 g6 2. e4 d6 3. Nf3 Bg7 4. Be2 Nf6 5. Nc3 O-O 6. O-O b6 7. Bf4 Bb7 8.
Bd3 Nbd7 9. Qe2 a6 10. a4 Nh5 11. Be3 e5 12. dxe5 dxe5 13. Rad1 Nf4 14. Qd2
Qf6 15. Nxe5 Nh3+ 16. gxh3 Qxe5 17. f4 Qe7 18. e5 Rad8 19. Qf2 Qb4 20. Rb1
Rfe8 21. Bd2 Nc5 22. Ne4 Qxe4 23. Bxe4 Nxe4 24. Qf3 Rxd2 25. Rfe1 Nc5 26.
Qc3 Red8 27. Qg3 Ne6 28. Rbc1 Bh6 29. Rf1 Nd4 30. Rf2 Ne2+ 31. Rxe2 Rxe2
32. Qh4 Rdd2 33. Qxh6 Rxh2 0-1

[Event "Champions League CAA"]
[Site "Buenos Aires ARG"]
[Date "2009.05.09"]
[Round "2"]
[White "Quiroga,F"]
[Black "Glinz,G"]
[Result "1-0"]
[WhiteElo "2329"]
[BlackElo "2060"]
[EventDate "2009.05.02"]

1. Nf3 Nf6 2. b3 d5 3. e3 e6 4. Bb2 Bd6 5. Ne5 O-O 6. Be2 c5 7. O-O Nc6 8.
Nxc6 bxc6 9. d3 e5 10. Nd2 Qe7 11. e4 Be6 12. Re1 Nd7 13. c4 d4 14. Bg4 g6
15. Bxe6 Qxe6 16. Bc1 Kg7 17. Nf1 f5 18. exf5 gxf5 19. Ng3 e4 20. Nh5+ Kh8
21. Nf4 Bxf4 22. Bxf4 Rae8 23. b4 cxb4 24. dxe4 fxe4 25. Qxd4+ Kg8 26. Qd6
Qf5 27. Bg3 Rf6 28. Qc7 Nc5 29. Rad1 Rfe6 30. Rd8 Rxd8 31. Qxd8+ Kf7 32. h3
Nd7 33. Re3 Qc5 34. Bh4 Qxc4 35. Qh8 Rg6 36. Qxh7+ Rg7 37. Qf5+ Kg8 38.
Rxe4 Qf7 39. Qxf7+ Rxf7 40. Rxb4 1-0

[Event "Champions League CAA"]
[Site "Buenos Aires ARG"]
[Date "2009.05.09"]
[Round "2"]
[White "Restuccia,F"]
[Black "Villanueva,Mar"]
[Result "0-1"]
[WhiteElo "2114"]
[BlackElo "2311"]
[EventDate "2009.05.02"]

1. e4 e5 2. d4 exd4 3. Qxd4 Nc6 4. Qe3 Nf6 5. Nc3 Be7 6. Bc4 Nb4 7. Qd2 O-O
8. a3 Nc6 9. Nf3 Re8 10. O-O Bf8 11. b4 d6 12. Bb2 Be6 13. Bd3 Bg4 14. Qf4
Ne5 15. Nd4 c5 16. Nf5 c4 17. Be2 Bxe2 18. Nxe2 Ng6 19. Nh6+ gxh6 20. Qxf6
Qxf6 21. Bxf6 Rxe4 22. Ng3 Re6 23. Bd4 Nf4 24. Rfe1 a6 25. Be3 Nd5 26. Rad1
Nxe3 27. Rxe3 a5 28. b5 a4 29. Rd4 Rxe3 30. fxe3 d5 31. Nh5 Bxa3 32. Nf6+
Kh8 33. Nxd5 Bc5 34. Rxc4 a3 35. Nc3 a2 36. Nxa2 Bxe3+ 37. Kf1 Rxa2 38. Ke2
Bg1 39. Rc7 b6 40. Rxf7 Rxc2+ 41. Kd3 Rc5 0-1

[Event "Champions League CAA"]
[Site "Buenos Aires ARG"]
[Date "2009.05.09"]
[Round "2"]
[White "Herrera,P"]
[Black "Varela,G"]
[Result "0-1"]
[WhiteElo "2027"]
[BlackElo "2323"]
[EventDate "2009.05.02"]

1. Nf3 c5 2. c4 Nf6 3. g3 b6 4. Bg2 Bb7 5. Nc3 e6 6. b3 Be7 7. Bb2 O-O 8.
O-O d6 9. d4 a6 10. Rc1 Nbd7 11. Re1 Ne4 12. Qd3 Nxc3 13. Qxc3 Bf6 14. Qc2
Qc7 15. dxc5 bxc5 16. Red1 Rfd8 17. Bxf6 Nxf6 18. Qd2 a5 19. Qe3 a4 20. Rc3
axb3 21. axb3 Rab8 22. Nd2 Bxg2 23. Kxg2 d5 24. Rd3 d4 25. Qf3 Nd7 26. Ne4
Ne5 27. Qf4 f5 28. Ng5 Qc6+ 29. Kg1 Nxd3 30. Rxd3 Qd6 31. Nf3 h6 32. Qxd6
Rxd6 33. e3 Rdb6 34. exd4 Rxb3 35. Re3 cxd4 36. Nxd4 Rxe3 37. fxe3 Kf7 38.
h4 Kf6 0-1

[Event "Champions League CAA"]
[Site "Buenos Aires ARG"]
[Date "2009.05.09"]
[Round "2"]
[White "Goldwaser,C"]
[Black "Rodriguez,Mar"]
[Result "1-0"]
[WhiteElo "2356"]
[BlackElo "2077"]
[EventDate "2009.05.02"]

1. Nf3 c5 2. c4 Nf6 3. Nc3 Nc6 4. d4 cxd4 5. Nxd4 g6 6. e4 d6 7. Be2 Bg7 8.
Be3 O-O 9. O-O a6 10. Qd2 Ng4 11. Bxg4 Bxg4 12. Nd5 Rc8 13. b3 e6 14. Nc3
Qf6 15. Nxc6 bxc6 16. Rac1 e5 17. f3 Bd7 18. c5 d5 19. exd5 cxd5 20. Nxd5
Qe6 21. Rfd1 Bc6 22. Nb4 e4 23. f4 Bb5 24. a4 Be8 25. Qd5 Qxd5 26. Nxd5 Rb8
27. c6 Rxb3 28. Bc5 e3 29. c7 Bd7 30. Ne7+ 1-0

[Event "Champions League CAA"]
[Site "Buenos Aires ARG"]
[Date "2009.05.09"]
[Round "2"]
[White "Goncalves,Cl"]
[Black "Perelman,H"]
[Result "0-1"]
[WhiteElo "1842"]
[BlackElo "2326"]
[EventDate "2009.05.02"]

1. e4 c5 2. Nc3 Nc6 3. f4 g6 4. Nf3 Bg7 5. Bc4 d6 6. Ng5 e6 7. O-O Nh6 8.
d3 O-O 9. Qe1 Nd4 10. Qd1 Bd7 11. a4 Bc6 12. Ne2 d5 13. Nxd4 Bxd4+ 0-1

[Event "Champions League CAA"]
[Site "Buenos Aires ARG"]
[Date "2009.05.09"]
[Round "2"]
[White "Schweber,S"]
[Black "Preuss,Max"]
[Result "1-0"]
[WhiteElo "2349"]
[BlackElo "2114"]
[EventDate "2009.05.02"]

1. e4 c5 2. Nf3 d6 3. d4 cxd4 4. Nxd4 Nf6 5. Nc3 g6 6. f4 Nc6 7. Nf3 Bg7 8.
Bc4 O-O 9. O-O b5 10. Bd3 b4 11. Na4 Qa5 12. b3 Ng4 13. Rb1 Nd4 14. h3
Nxf3+ 15. Qxf3 Bd4+ 16. Kh1 Qh5 17. Bb2 Bxb2 18. Nxb2 Nf6 19. Qxh5 Nxh5 20.
Kh2 f5 21. exf5 gxf5 22. Rbe1 Kf7 23. Nc4 Rg8 24. Ne3 e6 25. g4 fxg4 26.
hxg4 Nf6 27. g5 Nd7 28. Ng4 Kg7 29. Nh6 Re8 30. Nf5+ Kh8 31. Nxd6 Re7 32.
f5 Nc5 33. f6 1-0

[Event "Champions League CAA"]
[Site "Buenos Aires ARG"]
[Date "2009.05.16"]
[Round "3"]
[White "Pagano,M"]
[Black "Blit,J"]
[Result "0-1"]
[WhiteElo "2049"]
[BlackElo "2307"]
[EventDate "2009.05.02"]

1. Nf3 c5 2. c4 b6 3. g3 Bb7 4. Bg2 e6 5. O-O Nf6 6. Nc3 Be7 7. d4 cxd4 8.
Qxd4 O-O 9. Rd1 d6 10. b3 Nbd7 11. Bb2 a6 12. e4 Qc7 13. Ne1 Rfd8 14. Rac1
Rac8 15. Nc2 Qb8 16. Ne3 Nc5 17. f3 h5 18. b4 Ncd7 19. Kh1 Ne5 20. Na4 b5
21. Nb6 Rc6 22. c5 dxc5 23. Qxe5 Rxd1+ 24. Nxd1 Qxe5 25. Bxe5 Rxb6 26. bxc5
Rc6 27. Bd4 Nd7 28. f4 Rc7 29. Nb2 Bxc5 30. Nd3 Bb6 31. Rxc7 Bxc7 32. e5
Bxg2+ 33. Kxg2 Bb6 34. Bxb6 Nxb6 35. Kf3 Kf8 36. Ke4 Ke7 37. Kd4 Nd5 38.
Nc5 Nb4 39. a3 Nc2+ 40. Kc3 Nxa3 41. Nxa6 Nc4 42. Nc5 Ne3 43. Kb4 Nf1 44.
Kxb5 Nxh2 45. Kc4 Nf1 46. Ne4 f5 47. exf6+ gxf6 48. Kd3 f5 49. Ng5 Nxg3 50.
Kd4 h4 51. Ke5 Ne2 52. Nh3 Kf7 53. Ng5+ Kg6 54. Nf3 h3 55. Nh2 Kf7 56. Nf1
Nc3 57. Kd4 Nd5 58. Ke5 Nf6 59. Ng3 h2 60. Nh1 Nd5 61. Ng3 Kg6 62. Kxe6
Nxf4+ 63. Ke5 Kg5 64. Nh1 Kg4 65. Kf6 Kf3 66. Kxf5 Kg2 0-1

[Event "Champions League CAA"]
[Site "Buenos Aires ARG"]
[Date "2009.05.23"]
[Round "4"]
[White "Palmiero,O"]
[Black "Pagano,M"]
[Result "0-1"]
[WhiteElo "2100"]
[BlackElo "2049"]
[EventDate "2009.05.02"]

1. Nc3 c6 2. e4 g6 3. d4 Bg7 4. Be3 d5 5. exd5 cxd5 6. Bb5+ Bd7 7. Bxd7+
Qxd7 8. Qd2 Nc6 9. Nf3 e6 10. h4 h5 11. Bg5 Nge7 12. Ne2 Nf5 13. c3 Nd6 14.
Ng3 Ne4 15. Nxe4 dxe4 16. Nh2 Qd5 17. Nf1 f6 18. Bf4 Rd8 19. Ne3 Qd7 20.
Rd1 Qe7 21. Qe2 e5 22. dxe5 Rxd1+ 23. Nxd1 Nxe5 24. Qb5+ Qd7 25. Qxd7+ Nxd7
26. Ne3 Nc5 27. Bb8 a6 28. O-O Nd3 29. Nd1 Kd7 30. Ba7 f5 31. f3 Re8 32.
fxe4 Rxe4 33. Nf2 Nxf2 34. Bxf2 Bf6 35. g3 Re2 36. Rb1 Kd6 37. Kf1 Rc2 38.
Ke1 Kd5 39. Rd1+ Ke4 40. Rd2 Rxd2 41. Kxd2 Kf3 42. Bd4 Be7 43. Be5 Bc5 44.
b4 Bf2 45. c4 Bxg3 46. Bf6 Ke4 47. a4 Be5 48. Bg5 Bf4+ 49. Bxf4 Kxf4 50. b5
Ke4 51. c5 axb5 52. axb5 Kd5 53. c6 bxc6 54. b6 Kd6 0-1

[Event "Champions League CAA"]
[Site "Buenos Aires ARG"]
[Date "2009.05.30"]
[Round "5"]
[White "Pagano,M"]
[Black "Rodriguez,Mar"]
[Result "1-0"]
[WhiteElo "2049"]
[BlackElo "2077"]
[EventDate "2009.05.02"]

1. d4 g6 2. c4 Bg7 3. Nc3 d6 4. e4 Nc6 5. Be3 e5 6. Nge2 Bd7 7. Qd2 exd4 8.
Nxd4 Nxd4 9. Bxd4 Bxd4 10. Qxd4 Qf6 11. O-O-O Qxd4 12. Rxd4 Ne7 13. Be2
O-O-O 14. Rhd1 Nc6 15. R4d2 Ne5 16. f4 Ng4 17. h3 Ne3 18. Rg1 f5 19. g4 g5
20. exf5 gxf4 21. Rd4 Rhg8 22. Rxf4 Nxf5 23. Bd3 Ng7 24. Nd5 Ne6 25. Rf6
Rg7 26. Bf5 Nd4 27. Bxd7+ Rdxd7 28. Re1 Nc6 29. Rf8+ Rd8 30. Ree8 Rxe8 31.
Rxe8+ Nd8 32. Nf4 Rd7 33. Ne6 b6 34. h4 c6 35. g5 d5 36. h5 Rd6 37. Rxd8+
Rxd8 38. Nxd8 Kxd8 39. g6 hxg6 40. h6 1-0

[Event "Champions League CAA"]
[Site "Buenos Aires ARG"]
[Date "2009.05.30"]
[Round "5"]
[White "Diaz Hollemaert,N"]
[Black "Garcia,Rai"]
[Result "1-0"]
[WhiteElo "2443"]
[BlackElo "2348"]
[EventDate "2009.05.02"]

1. d4 Nf6 2. c4 c5 3. d5 e5 4. Nc3 d6 5. e4 g6 6. Bd3 Bg7 7. h3 O-O 8. g4
h5 9. Be2 b5 10. cxb5 a6 11. b6 h4 12. Nf3 Nbd7 13. Nxh4 Nxb6 14. Bg5 Qe8
15. Qc2 Bd7 16. Rg1 Bb5 17. O-O-O Nh7 18. Be3 Bxe2 19. Nxe2 Qe7 20. g5 Rfb8
21. Kb1 Qd7 22. Ka1 Qb5 23. Nc3 Qd7 24. Rg3 Nc4 25. Bc1 a5 26. Qa4 Qxa4 27.
Nxa4 Rb4 28. Nc3 a4 29. Ng2 Rab8 30. a3 R4b7 31. Nxa4 Na5 32. Ne3 Nf8 33.
Ka2 Nd7 34. Bd2 Nb3 35. Nc4 Bf8 36. Be1 Nd4 37. Rdd3 Ra8 38. Nc3 Nb6 39.
Nxb6 Rxb6 40. Rd1 Be7 41. h4 Kg7 42. Nb1 Rh8 43. Rg4 Rhb8 44. b4 Nc2 45.
Kb3 Nxe1 46. Rxe1 cxb4 47. a4 Rc8 48. Rgg1 Rbb8 49. Rc1 Rh8 50. Rh1 Bd8 51.
Nd2 Bb6 52. Rh2 Bc5 53. Nc4 Rhc8 54. Na5 Rb6 55. f3 Ra8 56. Nc4 Rba6 57.
Ra1 Rh8 58. a5 Rha8 1-0

[Event "Champions League CAA"]
[Site "Buenos Aires ARG"]
[Date "2009.05.30"]
[Round "5"]
[White "Blanco,Marc"]
[Black "Blit,J"]
[Result "0-1"]
[WhiteElo "2046"]
[BlackElo "2307"]
[EventDate "2009.05.02"]

1. e4 c5 2. Nf3 Nc6 3. Bb5 e6 4. O-O Nge7 5. c4 g6 6. d4 cxd4 7. Nxd4 Bg7
8. Be3 O-O 9. Nc3 f5 10. f4 fxe4 11. Nxe4 d5 12. Nc3 a6 13. Bxc6 bxc6 14.
cxd5 exd5 15. Nb3 Nf5 16. Bf2 d4 17. Ne4 Re8 18. Qd3 Qd5 19. Rfe1 Ne3 20.
Bxe3 Rxe4 21. Bd2 Bf5 22. Qf3 Rae8 23. Kf2 h5 24. h3 h4 25. Rxe4 Bxe4 26.
Qg4 c5 27. Re1 c4 28. Nc1 c3 29. bxc3 dxc3 30. Be3 Bf5 31. Qd1 Qxd1 32.
Rxd1 c2 33. Rd6 Bb2 34. Bd2 a5 35. Rc6 Bd4+ 36. Kf1 Kh8 37. Rc4 Bb2 38.
Bc3+ Bxc3 39. Rxc3 Rb8 40. Ke2 Rd8 41. a4 Rd1 42. Nb3 Rb1 43. Kd2 Rg1 44.
Nd4 Rd1+ 0-1

[Event "Champions League CAA"]
[Site "Buenos Aires ARG"]
[Date "2009.05.30"]
[Round "5"]
[White "Anelli,A"]
[Black "Menon,D"]
[Result "1-0"]
[WhiteElo "2193"]
[BlackElo "2186"]
[EventDate "2009.05.02"]

1. d4 e6 2. e4 d5 3. e5 c5 4. c3 Bd7 5. Qb3 Nc6 6. Be3 Nge7 7. Nf3 Na5 8.
Qc2 cxd4 9. Nxd4 Qc7 10. f4 Nc4 11. Bf2 Nf5 12. Nxf5 exf5 13. Nd2 Bc5 14.
Nb3 Bxf2+ 15. Qxf2 O-O 16. O-O-O Be6 17. Qc5 Rac8 18. Qxc7 Rxc7 19. Nd4 a6
20. Bd3 g6 21. Rhg1 b5 22. Kb1 Rb8 23. a3 a5 24. Nc2 Rb6 25. b3 a4 26. Bxc4
dxc4 27. b4 Rbb7 28. Rd8+ Kg7 29. Rgd1 Re7 30. R1d6 Red7 31. Nd4 Rxd6 32.
Rxd6 Bd7 33. Kc1 Kf8 34. Kd2 Ke7 35. Ke3 h6 36. g3 Be8 37. h4 h5 38. Nf3
Rd7 39. Rd4 Rc7 40. Ng5 f6 41. Nf3 Rc6 42. exf6+ Rxf6 43. Ne5 Re6 44. Rd5
Bc6 45. Rc5 Be8 46. Rc7+ Kd6 47. Ra7 Kd5 48. Ra8 Bc6 1-0

[Event "Champions League CAA"]
[Site "Buenos Aires ARG"]
[Date "2009.05.30"]
[Round "5"]
[White "Fusco,L"]
[Black "Pichot,A"]
[Result "1-0"]
[WhiteElo "2419"]
[BlackElo "1984"]
[EventDate "2009.05.02"]

1. Nf3 c5 2. c4 Nc6 3. Nc3 g6 4. g3 Bg7 5. Bg2 e5 6. O-O Nge7 7. Ne1 O-O 8.
d3 d6 9. Nc2 Be6 10. Ne3 f5 11. Ned5 Rb8 12. Bg5 Kh8 13. Qd2 Qd7 14. Bxe7
Nxe7 15. a3 Nxd5 16. Bxd5 Bxd5 17. cxd5 f4 18. Kg2 h5 19. f3 Qf5 20. e4 Qg5
21. b4 Qh6 22. Qe2 Rf7 23. Rf2 Rbf8 24. Raf1 Bf6 25. Rg1 Bd8 26. bxc5 dxc5
27. Kh1 g5 28. g4 Rh7 29. gxh5 Qxh5 30. Qb2 Re8 31. Qb5 Be7 32. Qxb7 Qh4
33. Rgg2 Bf8 34. Qc6 Rb8 35. Rf1 Rh6 36. Qd7 Bg7 1-0

[Event "Champions League CAA"]
[Site "Buenos Aires ARG"]
[Date "2009.05.30"]
[Round "5"]
[White "Preuss,Max"]
[Black "Gimenez,S"]
[Result "0-1"]
[WhiteElo "2114"]
[BlackElo "2112"]
[EventDate "2009.05.02"]

1. e4 c5 2. Nf3 d6 3. d4 cxd4 4. Nxd4 Nf6 5. Nc3 a6 6. Bg5 e6 7. f4 Qb6 8.
Qd2 Qxb2 9. Rb1 Qa3 10. e5 dxe5 11. fxe5 Nfd7 12. Ne4 h6 13. Bb5 hxg5 14.
O-O axb5 15. Nxb5 Bc5+ 16. Kh1 Qe3 17. Nbd6+ Kf8 18. Rxf7+ Kg8 19. Nxc5
Qxd2 20. Nxe6 Rh7 21. Rbf1 Qxd6 22. exd6 Rh6 23. Rxg7+ Kh8 24. Re7 Nf6 25.
Nxg5 Kg8 26. Nf7 Rg6 27. Ne5 Rh6 28. Nf3 Rg6 29. Ne5 Rh6 30. g4 Bxg4 31.
Rg1 Rh4 32. d7 Nc6 33. Nxg4 Nxe7 34. Nxf6+ Kf7 35. Ne8 Nc6 36. Nd6+ Ke6 37.
Nc8 Rh8 38. Re1+ Ne5 39. Nb6 Rad8 40. Nc4 Rh5 41. Nb6 Kd6 42. Rd1+ Kc6 0-1

[Event "Champions League CAA"]
[Site "Buenos Aires ARG"]
[Date "2009.05.30"]
[Round "5"]
[White "Quenallata,L"]
[Black "Liascovich,L"]
[Result "1/2-1/2"]
[WhiteElo "2122"]
[BlackElo "2440"]
[EventDate "2009.05.02"]

1. d4 d6 2. c4 e5 3. dxe5 dxe5 4. Qxd8+ Kxd8 5. Nc3 c6 6. e4 Be6 7. Be3 Bb4
8. O-O-O+ Nd7 9. Kc2 Ngf6 10. f3 Kc7 11. Bd3 c5 12. Bc1 a5 13. Nge2 a4 14.
g4 Nb6 15. b3 axb3+ 16. axb3 h5 17. g5 Nfd7 18. f4 Bh3 19. Ng3 g6 20. Bf1
Bxf1 21. Rhxf1 exf4 22. Bxf4+ Kc8 23. e5 1/2-1/2

[Event "Champions League CAA"]
[Site "Buenos Aires ARG"]
[Date "2009.05.30"]
[Round "5"]
[White "Fernandez,Jos1"]
[Black "Villanueva,Mar"]
[Result "0-1"]
[WhiteElo "2117"]
[BlackElo "2311"]
[EventDate "2009.05.02"]

1. e4 e5 2. Nf3 Nf6 3. Nxe5 d6 4. Nf3 Nxe4 5. Qe2 Qe7 6. d3 Nf6 7. Bg5
Qxe2+ 8. Bxe2 Be7 9. Nc3 c6 10. O-O-O Na6 11. h3 Nc7 12. Rhe1 Ne6 13. Bd2
O-O 14. d4 d5 15. Bd3 Bd6 16. g3 Re8 17. Re2 Nf8 18. Rxe8 Nxe8 19. g4 Ne6
20. Re1 Nf6 21. Bf5 h5 22. Rg1 g6 23. Bxe6 Bxe6 24. Ng5 Bd7 25. f3 Re8 26.
Re1 Rxe1+ 27. Bxe1 Ne8 28. gxh5 f6 0-1

[Event "Champions League CAA"]
[Site "Buenos Aires ARG"]
[Date "2009.06.12"]
[Round "7"]
[White "Blanco,Marc"]
[Black "Rodriguez,Mar"]
[Result "0-1"]
[WhiteElo "2046"]
[BlackElo "2077"]
[EventDate "2009.05.02"]

1. f4 f5 2. Nf3 Nf6 3. e3 e6 4. b3 b6 5. Bb2 Bb7 6. g3 a5 7. a4 g6 8. Bg2
Bg7 9. O-O O-O 10. Ne5 Bxg2 11. Kxg2 d6 12. Qf3 Nd5 13. Nd3 Bxb2 14. Nxb2
Qf6 15. d4 Nd7 16. Rd1 g5 17. Nd3 h6 18. c4 g4 19. Qf2 Ne7 20. Ra2 Ng6 21.
Nc3 c6 22. e4 e5 23. fxe5 dxe5 24. Qxf5 Qxf5 25. exf5 Rxf5 26. Nxe5 Ndxe5
27. dxe5 Nxe5 28. Re2 Raf8 29. Ne4 Kg7 30. Nd6 Rh5 31. Rde1 Nf3 32. Re7+
Kg8 33. Rh1 Rd8 34. Ne4 Kf8 35. Re6 Rd3 0-1

[Event "Champions League CAA"]
[Site "Buenos Aires ARG"]
[Date "2009.06.12"]
[Round "7"]
[White "Cuevas,A"]
[Black "Escobar,T"]
[Result "1/2-1/2"]
[WhiteElo "2244"]
[BlackElo "2272"]
[EventDate "2009.05.02"]

1. c4 e5 2. g3 Nf6 3. Bg2 d5 4. cxd5 Nxd5 5. Nc3 Nb6 6. Nf3 Nc6 7. O-O Be7
8. d3 O-O 9. a3 Be6 10. b4 a5 11. b5 Nd4 12. Rb1 f6 13. Nxd4 exd4 14. Na4
Ba2 15. Nxb6 cxb6 16. Ra1 Bd5 17. Bh3 a4 18. e4 Bb3 19. Qg4 Ra5 20. Bh6 Kf7
21. Rfc1 Bc5 22. Bd2 Rxb5 23. Qh5+ g6 1/2-1/2

[Event "Champions League CAA"]
[Site "Buenos Aires ARG"]
[Date "2009.06.12"]
[Round "7"]
[White "Anelli,A"]
[Black "Garcia,Rai"]
[Result "0-1"]
[WhiteElo "2193"]
[BlackElo "2348"]
[EventDate "2009.05.02"]

1. d4 Nf6 2. c4 c5 3. d5 d6 4. Nc3 g6 5. g3 Bg7 6. Bg2 O-O 7. Nf3 e5 8. O-O
Nbd7 9. e4 Ng4 10. Ng5 Nb6 11. Bh3 Nf6 12. Bxc8 Qxc8 13. Qe2 h6 14. Nf3 Qh3
15. Nd2 Ng4 0-1

[Event "Champions League CAA"]
[Site "Buenos Aires ARG"]
[Date "2009.06.12"]
[Round "7"]
[White "Della Morte,G"]
[Black "Goncalves,Cl"]
[Result "1-0"]
[WhiteElo "2383"]
[BlackElo "1842"]
[EventDate "2009.05.02"]

1. e4 Nf6 2. e5 Nd5 3. d4 d6 4. Nf3 dxe5 5. Nxe5 Nd7 6. Nf3 g6 7. Bc4 N7f6
8. O-O Bg7 9. Bg5 O-O 10. Nbd2 a5 11. a3 Be6 12. Re1 Rc8 13. Ba2 b5 14. Nb3
c6 15. Ne5 Nb6 16. Nxa5 Bxa2 17. Rxa2 Qd5 18. Nb3 Na4 19. Qf3 Rfd8 20. Qxd5
Rxd5 21. c3 e6 22. f3 Ne8 23. Bf4 Nd6 24. Nd3 Nb7 25. Be3 Bf8 26. Kf2 f6
27. Nf4 Rd6 28. Nc5 e5 29. Nxb7 exf4 30. Bxf4 Rd7 31. Na5 c5 32. Nb3 c4 33.
Nd2 h5 34. Ne4 Kf7 35. Re2 g5 36. Be3 Rd5 37. Ra1 Kg6 38. Rae1 Bd6 39. Nxd6
Rxd6 40. Bc1 Rcd8 41. Re7 R6d7 42. Rxd7 Rxd7 43. Re8 Rb7 44. Ke3 Kf5 45. h3
h4 46. f4 g4 47. hxg4+ Kxg4 48. Rg8+ Kf5 49. Kf3 Nb6 50. Rh8 Nd5 51. Rxh4
Kg6 52. g4 f5 53. gxf5+ Kxf5 54. Rh5+ Ke6 55. Re5+ Kd6 56. Ke4 1-0

[Event "Champions League CAA"]
[Site "Buenos Aires ARG"]
[Date "2009.06.12"]
[Round "7"]
[White "Glinz,G"]
[Black "Fusco,L"]
[Result "1/2-1/2"]
[WhiteElo "2060"]
[BlackElo "2419"]
[EventDate "2009.05.02"]

1. d4 Nf6 2. c4 g6 3. Nc3 d5 4. Qb3 dxc4 5. Qxc4 Be6 6. Qd3 c5 7. Nf3 cxd4
8. Nxd4 Bd7 9. e4 Nc6 10. Nxc6 Bxc6 11. Qxd8+ Rxd8 12. f3 e6 13. Be3 a6 14.
Bb6 Rc8 15. Be2 Nd7 16. Bd4 e5 17. Be3 Bc5 18. Kf2 Ke7 19. Rhd1 Bxe3+ 20.
Kxe3 f6 21. Rd2 Rhd8 22. Rad1 Nf8 23. Rxd8 Rxd8 24. Rxd8 Kxd8 25. Bc4
1/2-1/2

[Event "Champions League CAA"]
[Site "Buenos Aires ARG"]
[Date "2009.05.16"]
[Round "3"]
[White "Bronstein,L"]
[Black "Villanueva,Mar"]
[Result "1/2-1/2"]
[WhiteElo "2390"]
[BlackElo "2311"]
[EventDate "2009.05.02"]

1. e4 e5 2. Nf3 Nf6 3. Nxe5 d6 4. Nf3 Nxe4 5. Qe2 Qe7 6. d3 Nf6 7. Bg5
Qxe2+ 8. Bxe2 Be7 9. Nc3 a6 10. Ne4 Nxe4 11. dxe4 Bxg5 12. Nxg5 Ke7 13.
O-O-O Nd7 14. Rhe1 Nc5 15. f4 Ne6 16. Nxe6 Bxe6 17. f5 Bd7 18. Rd3 Rad8 19.
Red1 Bc8 20. g4 h6 21. c4 Rhe8 22. Bf3 b6 23. Kc2 Bb7 24. h4 c5 25. g5 hxg5
26. hxg5 Rh8 27. f6+ gxf6 28. e5 Bxf3 29. exf6+ Kd7 30. Rxf3 Rh4 31. Kc3
1/2-1/2

[Event "Champions League CAA"]
[Site "Buenos Aires ARG"]
[Date "2009.05.16"]
[Round "3"]
[White "Restuccia,F"]
[Black "Della Morte,G"]
[Result "0-1"]
[WhiteElo "2114"]
[BlackElo "2383"]
[EventDate "2009.05.02"]

1. e4 e5 2. d4 exd4 3. Qxd4 Nc6 4. Qe3 Nf6 5. Nc3 Bb4 6. Bd2 O-O 7. O-O-O
Re8 8. Qg3 d6 9. f3 Ne5 10. h4 Kh8 11. h5 h6 12. Qh2 c6 13. g4 Nh7 14. Qg3
d5 15. exd5 cxd5 16. Nxd5 Qxd5 17. Bxb4 Qxa2 18. Bc3 f6 19. Nh3 Bxg4 20.
Bxe5 Bxh3 21. Bd3 Rxe5 22. f4 Re7 23. Qxh3 Qa1+ 24. Kd2 Qxb2 25. Qf5 Nf8
26. Rhg1 Rd8 27. Rg3 Qb4+ 28. Kc1 a5 29. Rg6 Qa3+ 30. Kd2 Rxd3+ 0-1

[Event "Champions League CAA"]
[Site "Buenos Aires ARG"]
[Date "2009.05.16"]
[Round "3"]
[White "Rodriguez,Mar"]
[Black "Palmiero,O"]
[Result "1-0"]
[WhiteElo "2077"]
[BlackElo "2100"]
[EventDate "2009.05.02"]

1. d4 d5 2. c4 c6 3. Nf3 e6 4. e3 Nf6 5. Bd3 Nbd7 6. Nc3 Be7 7. O-O O-O 8.
cxd5 exd5 9. Rb1 a5 10. Qc2 g6 11. Bd2 Re8 12. a3 Bd6 13. Na4 Ne4 14. b4 b5
15. Qxc6 Nxd2 16. Nxd2 bxa4 17. Qxd6 axb4 18. Rxb4 Nf6 19. Qxd8 Rxd8 20.
Rc1 Bd7 21. Kf1 Rdc8 22. Rxc8+ Rxc8 23. Ke2 Rc3 24. Nb1 Rb3 25. Rxb3 axb3
26. f3 Bc6 27. Kd2 Ne8 28. Kc3 Nd6 29. Kxb3 f5 30. Kb4 Nb7 31. Nc3 Kf7 32.
Ba6 Ke6 33. Bxb7 Bxb7 34. Kc5 g5 35. e4 h6 36. a4 Ba6 37. Nb5 1-0

[Event "Champions League CAA"]
[Site "Buenos Aires ARG"]
[Date "2009.05.16"]
[Round "3"]
[White "Dos Santos,R"]
[Black "Garcia,Rai"]
[Result "1-0"]
[WhiteElo "2441"]
[BlackElo "2348"]
[EventDate "2009.05.02"]

1. e4 c5 2. Nf3 e6 3. d4 cxd4 4. Nxd4 a6 5. Nc3 b5 6. Bd3 Qb6 7. Nb3 Qc7 8.
O-O Nc6 9. Qe2 Nf6 10. f4 d6 11. Bd2 Be7 12. Rae1 Bb7 13. Kh1 h5 14. a4
bxa4 15. Nxa4 h4 16. Kg1 h3 17. g3 Nd7 18. Be3 Nb4 19. f5 e5 20. c4 Rc8 21.
Nd2 Qd8 22. Nf3 Nf6 23. Bb6 Qd7 24. b3 Qc6 25. Bb1 Nd7 26. Be3 a5 27. Nc3
Nc5 28. Qd1 Ba6 29. Rf2 Qb7 30. Rd2 Qc7 31. Nd5 Nxd5 32. exd5 Rb8 33. Nxe5
dxe5 34. d6 Qc6 35. dxe7 f6 36. Rd5 Nxb3 37. Be4 Qc7 38. Rd8+ Kxe7 39. Rxh8
Nc5 40. Qd5 Nxe4 41. Qe6+ 1-0

[Event "Champions League CAA"]
[Site "Buenos Aires ARG"]
[Date "2009.05.16"]
[Round "3"]
[White "Fusco,L"]
[Black "Barrionuevo,P"]
[Result "1/2-1/2"]
[WhiteElo "2419"]
[BlackElo "2327"]
[EventDate "2009.05.02"]

1. e4 c5 2. Nf3 Nc6 3. d4 cxd4 4. Nxd4 g6 5. c4 Bg7 6. Be3 Nh6 7. Be2 d6 8.
Qd2 Ng4 9. Bxg4 Bxg4 10. Nc3 O-O 11. h4 Nxd4 12. Bxd4 Bxd4 13. Qxd4 Qa5 14.
h5 Be6 15. O-O-O Rac8 16. b3 b5 17. Nd5 Bxd5 18. hxg6 e5 19. Qxd5 Qxa2 20.
gxf7+ Rxf7 1/2-1/2

[Event "Champions League CAA"]
[Site "Buenos Aires ARG"]
[Date "2009.05.16"]
[Round "3"]
[White "Rodriguez,JL"]
[Black "Ginzburg,Ma"]
[Result "1/2-1/2"]
[WhiteElo "2393"]
[BlackElo "2455"]
[EventDate "2009.05.02"]

1. e4 g6 2. d4 Bg7 3. Nc3 d6 4. Bc4 Nc6 5. Be3 e5 6. Nge2 Nf6 7. f3 a6 8.
a3 O-O 9. Qd2 b5 10. Ba2 b4 11. axb4 Nxb4 12. dxe5 dxe5 13. Qxd8 Rxd8 14.
Bb1 Be6 1/2-1/2

[Event "Champions League CAA"]
[Site "Buenos Aires ARG"]
[Date "2009.05.16"]
[Round "3"]
[White "Glinz,G"]
[Black "Fernandez,Maria"]
[Result "0-1"]
[WhiteElo "2060"]
[BlackElo "2116"]
[EventDate "2009.05.02"]

1. d4 Nf6 2. Nf3 g6 3. c4 Bg7 4. g3 O-O 5. Bg2 d6 6. O-O Nbd7 7. Nc3 e5 8.
e4 exd4 9. Nxd4 Ne5 10. b3 Bd7 11. f3 Nc6 12. Nde2 Ne8 13. Be3 f5 14. Qd2
Nf6 15. Rad1 fxe4 16. fxe4 Ne5 17. h3 Bc6 18. Bg5 Qe8 19. Nd5 Nxd5 20. exd5
Bd7 21. Nd4 Kh8 22. Rxf8+ Qxf8 23. Rf1 Qg8 24. Ne6 Bxe6 25. dxe6 Qxe6 26.
Bxb7 Rf8 27. Rxf8+ Bxf8 28. Bg2 Bg7 29. Bf4 Qf5 30. Kh2 Nd7 31. Qe3 Qc5 32.
Qe8+ Nf8 33. h4 h6 34. Qe3 Kh7 35. Be4 Qh5 36. Bf3 Qf5 37. Be4 Qg4 38. Bg2
Qf5 39. Qd2 Ne6 40. Bh3 Qe4 41. Bxe6 Qxe6 42. Qd3 h5 43. Bd2 Qe5 44. Qe3
Qxe3 45. Bxe3 Bc3 46. Kg2 Kg7 47. Kf3 Kf6 48. Ke4 Ke6 49. Kf4 Kf6 50. Bf2
c6 51. Ke4 Ke6 52. Kd3 Bb4 53. Be3 Kf5 54. Bf4 Bc5 55. Kc2 Kg4 56. Kd3 Bf2
57. Bxd6 Bxg3 0-1

[Event "Champions League CAA"]
[Site "Buenos Aires ARG"]
[Date "2009.05.23"]
[Round "4"]
[White "Goldwaser,C"]
[Black "Perelman,H"]
[Result "1/2-1/2"]
[WhiteElo "2356"]
[BlackElo "2326"]
[EventDate "2009.05.02"]

1. Nf3 Nf6 2. c4 e6 3. Nc3 d5 4. d4 Nbd7 5. Bg5 c6 6. e3 Qa5 7. cxd5 Nxd5
8. Qd2 Bb4 9. Rc1 h6 10. Bh4 c5 11. a3 Bxc3 12. bxc3 b6 13. Bd3 Ba6 14. O-O
Bxd3 15. Qxd3 cxd4 16. cxd4 O-O 17. Nd2 Rfc8 18. Ne4 Qa4 19. Nd6 Rc6 20.
Bg3 a6 21. h3 N7f6 22. Rxc6 Qxc6 23. Rb1 b5 24. a4 bxa4 25. Qa3 Nc3 26. Re1
Nfe4 27. Nxe4 Nxe4 28. Rc1 Qb7 29. Qxa4 1/2-1/2